000 00969nas a2200301 4500
001 BR9703537
003 BR-BrBNA
005 20231205100322.0
007 ta
008 230509b bl.|||p| |||| 00| 00por d
040 _aBR-BrBNA
_bpor
_cBiblioteca Nacional de Agricultura
041 _a(Pt)
072 _aL73
100 1 _aBarci, L.A.G.
100 1 _aOliveira, M.R.
100 1 _aMachado, R.Z.
100 1 _aOliveira, D.A.
100 1 _aAraujo Filho, R.S.
245 1 _aEpidemiologia da babesiose bovina no Estado de Sao Paulo: 1. estudo em rebanhos produtores de leite tipo B do municipio de Pindamonhangaba, Vale do Paraiba
650 _aBoi
650 _aBabesiose
650 _aAnticorpo
650 _aImunofluorescencia
650 _aSao Paulo
773 0 _tRevista Brasileira de Parasitologia Veterinaria (Brazil)
_xISSN 0103-846X
_g(Aug 1994), v. 3(2) p. 79-82
_wBR9703537
909 _a202311
_bLúcia
_c55
_dLúcia Elande
942 _2AGRIS
_n0
_cANA
999 _c155331
_d155331